| 000 | 00734nam a2200193 a 4500 | ||
|---|---|---|---|
| 008 | 210303s2016 ||||||||||||||||| || u | ||
| 020 | _a9785865478171 | ||
| 050 | _aPG 2900 Ant | ||
| 100 | _aTolstych, A.A | ||
| 245 | 1 | 4 |
_aThe way to Russia: Russian language textbook level A1 (14th edition) _cV.E Antonova; M.M Nakhabina; M.V Safronova; A.A Tolstych |
| 250 | _a14th edition | ||
| 260 |
_aSt. Petersburg _c2016 |
||
| 300 | _a340 pages: illustrations | ||
| 650 | _aRUSSIAN LITERATURE | ||
| 700 | _aAntonova, V.E | ||
| 700 | _aSafronova, M.V | ||
| 700 | _aNakhabina, M.M | ||
| 995 |
_FCBU-MAIN LIBRARY (Kitwe) _M1 _UAVAILABLE _WMar 3, 2021 _ZMain Library Open Access Collection |
||
| 999 |
_c61534 _d61534 |
||